|
|
|
|
| LEADER |
00000cam a2200000 7i4500 |
| 001 |
0000239254 |
| 005 |
20200611004257.0 |
| 020 |
|
|
|a 9789674406172
|
| 090 |
0 |
0 |
|a 808.882
|b JAN
|
| 100 |
0 |
|
|a Janatul Islah Mohammad
|
| 245 |
1 |
0 |
|a My lost butterfly
|c Janatul Islah Mohammad
|
| 260 |
|
|
|a Bandar Baru Nilai :
|b USIM Press ,
|c 2019
|
| 300 |
|
|
|a 164p. ;
|c 21cm.
|
| 600 |
1 |
0 |
|a Janatul Islah Mohammad
|v Anecdotes
|
| 650 |
|
0 |
|a Anecdotes
|
| 650 |
|
0 |
|a Cancer
|x Patients
|v Anecdotes
|
| 650 |
|
0 |
|a Government publications
|z Malaysia
|
| 999 |
|
|
|a 00380555
|b BUKU
|c PINJAMAN
|e PERPUSTAKAAN KOMUNITI PETALING JAYA
|